000 01284nam a2200229 i 4500
001 51669
003 ES-MaACL
005 20230906162415.0
007 t|
008 030814s1982 sp ||||1| spa d
100 0 _aChâtelet, François.
_938187
245 1 0 _aHistoria de la filosofía
_b: ideas, doctrinas /
_cpor François Chatelet ; traducción del francés por Victorio Peral Domínguez, María Luisa Pérez Torres, Francisco Javier Aguirre González.
250 _a2ª ed.
260 _aMadrid :
_bEspasa-Calpe,
_c1982.
300 _a4 v. ;
_c23 cm.
505 8 _aContiene: La filosofía pagana : (del siglo VI a.c. al siglo III d.c.). La filosofía medieval : (del siglo I al siglo XV). -- T. II: La filosofía del mundo moderno : (siglos XVI y XVIII). Los ilustrados (el siglo XVIII). -- T. III: La filosofía y la historia : (1780-1880). La filosofía del mundo científico e industrial : (1860-1940). -- T. IV: La filosofía de las ciencias sociales (de 1860 a nuestros días). Historia de la filosofía (el siglo XX)
650 4 _aFilosofía-
_vHistoria.
_9158248
700 1 _aPeral Domínguez, Victorio.
_990355
700 1 _aPérez Torres, María Luisa.
_991178
700 1 _aAguirre González, Francisco Javier.
_918877
852 _aES-MaACL
_jL-2767-70
_bR.103625
999 _c51669
_d51669